| 000 | 00574nam a2200193Ia 4500 | ||
|---|---|---|---|
| 005 | 20250508151003.0 | ||
| 008 | 008 250505s9999 xx 000 0 eng d | ||
| 037 | _aTextual | ||
| 040 |
_aFEDL _beng _cFEDL |
||
| 041 |
_aeng _2eng |
||
| 084 |
_a373, AND _qFEDL |
||
| 100 |
_aAnderson Vernon E _991982 |
||
| 245 | 0 | _aPrinciples and practices of secondary education | |
| 260 |
_aNew York, USA _bThe Ronald Press Company _c1951 |
||
| 300 | _ax,508p. | ||
| 700 |
_a Grim Paul R Gruhn William T _9758121 |
||
| 942 |
_cTEXL _h373, AND |
||
| 999 |
_c1326886 _d1326886 |
||